Detalles MARC
| 000 -LÍDER |
| Campo fijo de descripción fija |
01264nam a2200373 i 4500 |
| 001 - NÚMERO DE CONTROL |
| Campo de control |
768714001 |
| 003 - IDENTIFICADOR DEL NÚMERO DE CONTROL |
| Campo de control |
CO-MdFUSB |
| 005 - FECHA Y HORA DE LA ULTIMA TRANSACCIÓN |
| control field |
20220411124959.0 |
| 007 - CAMPO FIJO DE DESCRIPCIÓN FIJA--INFORMACIÓN GENERAL |
| Campo fijo de descripción fija |
ta |
| 008 - ELEMENTOS DE LONGITUD FIJA -- INFORMACIÓN GENERAL |
| Campo fijo de descripción fija -- Información general |
030626t2003 inu sb 000 0 eng d |
| 020 ## - NÚMERO INTERNACIONAL NORMALIZADO PARA LIBROS |
| Cancelado / ISBN no válido |
1575060574 |
| 040 ## - FUENTE DE CATALOGACIÓN |
| Agencia de catalogación original |
MiAaPQ |
| Agencia que realiza la transcripción |
CO-MdFUSB |
| Agencia que realiza la modificación |
MiAaPQ |
| Idioma de catalogación |
spa |
| Convenciones de la descripción |
rda |
| 041 ## - CÓDIGO DE IDIOMA |
| Código de idioma para texto/pista de sonido o título separado |
eng |
| 082 ## - NÚMERO DE CLASIFICACIÓN DECIMAL DEWEY |
| Número de la edición del Dewey |
23 |
| Número de clasificación |
224.207 |
| Clave de autor-Numero de item |
W111 |
| 100 1# - ASIENTO PRINCIPAL--NOMBRE PERSONAL |
| Nombre personal |
Waard, Jan de. |
| Término relacionador |
autor |
| 245 12 - TÍTULO |
| Título del Material |
A handbook on Jeremiah / |
| Mención de responsabilidad, etc. |
Jan de Waard ; editado por Harold P. Scanlin |
| 264 #1 - PRODUCCIÓN, PUBLICACIÓN, DISTRIBUCIÓN, MANUFACTURA, Y COPYRIGHT |
| Lugar de producción, publicación, distribución, manufactura |
Winona Lake, Ind. : |
| Nombre del productor, publicador, distribuidor |
Eisenbrauns, |
| Fecha de producción, publicación, distribución, manufactura, o copyright |
[2003] |
| 264 #4 - PRODUCCIÓN, PUBLICACIÓN, DISTRIBUCIÓN, MANUFACTURA, Y COPYRIGHT |
| Fecha de producción, publicación, distribución, manufactura, o copyright |
© 2003 |
| 300 ## - DESCRIPCIÓN FÍSICA |
| Extensión |
226 páginas |
| Dimensiones |
; 24 cm |
| 336 ## - TIPO DE CONTENIDO |
| Fuente |
rdacontent |
| Término de tipo de contenido |
texto |
| Código de tipo de contenido |
txt |
| 337 ## - TIPO DE MEDIO |
| Fuente |
rdamedia |
| Nombre del tipo de medio |
sin mediación |
| Código del tipo de medio |
n |
| 338 ## - TIPO DE SOPORTE |
| Fuente |
rdacarrier |
| Nombre del tipo de soporte |
volumen |
| Código Tipo de soporte |
nc |
| 490 1# - MENCIÓN DE SERIE |
| Mención de serie |
Textual criticism and the translator ; |
| 504 ## - NOTA DE BIBLIOGRAFÍA, ETC. |
| Nota de bibliografía, etc |
Incluye referencias bibliográficas (p. xi-xv). |
| 505 ## - NOTA DE CONTENIDO |
| Nota de contenido con formato preestablecido |
Jeremías 1-10 -- Jeremías 11-20 -- Jeremías 21-30 -- Jeremías 31-40 -- Jeremías 41-50 -- Jeremías 51-52. |
| 563 ## - NOTA DE ENCUADERNACIÓN |
| Nota de encuadernación |
Pasta dura |
| 630 07 - TITULO UNIFORME |
| Título uniforme |
Biblia. |
| Nombre de parte o sección de la obra |
Antiguo Testamento |
| 630 #7 - TITULO UNIFORME |
| Título uniforme |
Biblia. |
| Nombre de parte o sección de la obra |
Jeremías |
| Subdivisión de materia general |
Crítica, interpretación, etc. |
| 700 1# - ASIENTO SECUNDARIO - NOMBRE PERSONAL |
| Nombre personal |
Scanlin, Harold P. |
| Responsabilidad |
editor |
| 830 #0 - PUNTO DE ACCESO ADICIONAL DE SERIE - TÍTULO UNIFORME |
| Título uniforme |
Textual criticism and the translator ; |
| Designación de volumen o secuencia |
v. 2. |
| 942 ## - TIPO DE MATERIAL (KOHA) |
| Tipo de Item KOHA |
Libros General |
| 945 ## - INFORMACIÓN LOCAL DEL REGISTRO |
| Catalogador |
JTF-925 |